| 000 | 00647nam a2200205Ii 4500 | ||
|---|---|---|---|
| 003 | JO-AjNU | ||
| 008 | 230605s9999||||xx |||||||||||||| ||und|| | ||
| 017 | _a1975/5101 | ||
| 040 |
_aJO-AjNU _bara _erda _cJO-AjNU |
||
| 041 | _aara | ||
| 050 | 1 | 4 | _aB819 .N3 1975 |
| 100 | 3 |
_aلوقا، نظمي, _eauthor _940455 |
|
| 245 | 0 | 0 | _aنحو مفهوم انساني: للانسان،للوجود،للمطلق |
| 264 | 3 | 1 | _aالقاهرة:مكتبة غريب ،1975 |
| 300 | _a254ص | ||
| 336 |
_atext _btxt _2rdacontent |
||
| 337 |
_aunmediated _bn _2rdamedia |
||
| 338 |
_avolume _bnc _2rdacarrier |
||
| 650 | 4 |
_aالوجود-الانسان _940456 |
|
| 999 |
_aA17170 _c20738 _d20738 |
||